A distalis hypospadiasis műtéti megoldása intézetünkben

Elmentve itt :
Bibliográfiai részletek
Szerzők: Juhász László
Bán Gyula
Kovács Tamás
Vizi András
Balogh Brigitta
Tornyos Szabolcs
Dokumentumtípus: Cikk
Megjelent: 2013
Sorozat:GYERMEKGYÓGYÁSZAT 64 No. 3
Tárgyszavak:
mtmt:30687716
Online Access:http://publicatio.bibl.u-szeged.hu/29174
LEADER 00831nab a2200253 i 4500
001 publ29174
005 20240102105633.0
008 240102s2013 hu o 0|| Magyar d
022 |a 0017-5900 
024 7 |a 30687716  |2 mtmt 
040 |a SZTE Publicatio Repozitórium  |b hun 
041 |a Magyar 
100 1 |a Juhász László 
245 1 2 |a A distalis hypospadiasis műtéti megoldása intézetünkben  |h [elektronikus dokumentum] /  |c  Juhász László 
260 |c 2013 
300 |a 143-146 
490 0 |a GYERMEKGYÓGYÁSZAT  |v 64 No. 3 
650 4 |a Klinikai orvostan 
700 0 1 |a Bán Gyula  |e aut 
700 0 1 |a Kovács Tamás  |e aut 
700 0 1 |a Vizi András  |e aut 
700 0 1 |a Balogh Brigitta  |e aut 
700 0 1 |a Tornyos Szabolcs  |e aut 
856 4 0 |u http://publicatio.bibl.u-szeged.hu/29174/1/juhasz_gyergyo2013_03.pdf  |z Dokumentum-elérés